| 000 | 01734nam a22002657a 4500 | ||
|---|---|---|---|
| 999 |
_c21376 _d21376 |
||
| 003 | AR-CdUCM | ||
| 008 | 190515b ||||| |||| 00| 0 spa d | ||
| 020 | _a9786071507273 | ||
| 020 | _a9786071507280 | ||
| 020 | _a9786071507297 | ||
| 040 |
_aMUNICIPALIDAD PROVINCIAL DEL CUSCO _cBIBLIOTECA MUNICIPAL DEL CUSCO |
||
| 082 |
_a616/M12 _bM12 _2Dieciocho |
||
| 245 | _aHarrison principios de Medicina Interna / | ||
| 260 |
_aNew York : _bMcGraw-Hill, _c2012. |
||
| 300 |
_a2 volúmenes ; _c29x22 cm. _bilustraciones en color ; _e+ 01 DVD |
||
| 505 | _aContenido: Introducción a la medicina clínica -- Manifestaciones principales y cuadro clínico inicial de las enfermedades --Alteraciones de la temperatura corporal -- Disfunción del sistema nervioso -- Trastornos de ojos, oídos, nariz y faringe -- Alteraciones en las funciones circulatoria y respiratoria -- Alteraciones en la función renal y de vías urinarias -- Trastornos de la piel -- Trastornos hematológicos -- Genes, el medio ambiente y las enfermedades -- Oncología y hematología -- Enfermedades infecciosas -- Trastornos del aparato cardiovascular -- Trastornos del aparato respiratorio -- Trastornos renales y de vías urinarias -- Enfermedades del aparato digestivo -- Trastornos de las articulaciones y tejidos adyacentes -- Endocrinología y metabolismo -- Trastornos neurológicos -- Intoxicación, sobredosis farmacológica y envenenamiento -- Gran altitud y enfermedad por descompresión. | ||
| 650 |
_aMedicina _93637 |
||
| 650 |
_aMedicina Interna _921944 |
||
| 650 |
_aEnfermedades _95611 |
||
| 650 |
_aCiencias de la Salud _944385 |
||
| 700 |
_aDan L. Longo _944588 |
||
| 700 |
_aJ. Larry Jameson _944589 |
||
| 942 |
_2ddc _cLIBROS |
||
| 945 | _aRoel | ||